Cartes Overwatch - Statistiques

Statistiques générales
  • Ce quiz a été pris 560 fois
    522 depuis la dernière actualisation
  • Le résultat moyen est 13 sur 29
Statistiques - réponses
Type de quiz Réponse % Correct
Attaque (2 points à capturer) Paris
67%
Attaque (2 points à capturer) Hanamura
65%
Hybride King's Row
65%
Contrôle Nepal
63%
Contrôle Ilios
60%
Attaque (2 points à capturer) Temple d'Anubis
58%
Hybride Numbani
57%
Escorte Route 66
56%
Attaque (2 points à capturer) Usine Volskaya
53%
Contrôle Oasis
51%
Contrôle Tour de Lijiang
51%
Escorte Dorado
50%
Escorte Junkertown
49%
Escorte Observatoire : Gibraltar
48%
Contrôle Busan
47%
Attaque (2 points à capturer) Colonie lunaire Horizon
47%
Escorte Rialto
46%
Combat à mort Château Guillard
41%
Hybride Eichenwalde
38%
Hybride Hollywood
38%
Hybride Blizzard World
37%
Élimination /Combat à mort Castillo
35%
Combat à mort Petra
35%
Escorte La Havane
33%
Élimination /Combat à mort Écolab : Antarctique
28%
Élimination /Combat à mort Forêt-noire
28%
Élimination /Combat à mort Nécropole
26%
Combat à mort Kanezaka
19%
Capture de drapeau Ayutthaya
17%
Aucun quiz correspondant
Distribution des résultats
% des personnes avec chaque résultat
Percentile par nombre de réponses
Votre historique - résultats
Vous n’avez pas pris ce quiz depuis la dernière actualisation